Physical chemistry (Record no. 183431)

000 -LEADER
fixed length control field 00971 a2200181 4500
003 - CONTROL NUMBER IDENTIFIER
control field Nust
005 - DATE AND TIME OF LATEST TRANSACTION
control field 20221012180657.0
040 ## - CATALOGING SOURCE
Transcribing agency Nust
082 ## - DEWEY DECIMAL CLASSIFICATION NUMBER
Classification number 541,MEE
100 ## - MAIN ENTRY--PERSONAL NAME
Personal name Mee.A J
9 (RLIN) 100065
245 ## - TITLE STATEMENT
Title Physical chemistry
Statement of responsibility, etc. A J Mee
250 ## - EDITION STATEMENT
Edition statement 3rd ,4th and6th ed
260 ## - PUBLICATION, DISTRIBUTION, ETC.
Name of publisher, distributor, etc. The english Language society
Place of publication, distribution, etc. London
Date of publication, distribution, etc. 1951.
300 ## - PHYSICAL DESCRIPTION
Extent 719:p
505 ## - FORMATTED CONTENTS NOTE
Formatted contents note Law of Chemical Combinations (Page-1), Atomic Structure –I (Page-38), Atomic Structure –II (Page-103), Valency (Page-135), Thermodynamic –I (Page-166), Thermodynamic –II (Page-182), Gases (Page-206), The Solid State (Page-235), Liquids (Page-287), Chemical Equilibrium (Page-341), The Phase Rule (Page-359), Solutions (Page-379), Dilute Solutions (Page-439), Equilibrium in Electrolyte Solutions (Page-502), Electromotive Force (Page-544), Chemical Kinetics (Page-566), Catalysis (Page-630), Photochemistry (Page-642).
650 ## - SUBJECT ADDED ENTRY--TOPICAL TERM
Topical term or geographic name entry element Physical chemistry
9 (RLIN) 61323
942 ## - ADDED ENTRY ELEMENTS (KOHA)
Source of classification or shelving scheme
Koha item type Book
Holdings
Withdrawn status Lost status Source of classification or shelving scheme Damaged status Not for loan Permanent Location Current Location Shelving location Date acquired Full call number Barcode Date last seen Price effective from Koha item type Public note
          Military College of Signals (MCS) Military College of Signals (MCS) General Stacks 12/12/2016 541,MEE MCS20804 12/08/2016 12/12/2016 Book Almirah No.25, Shelf No.3
          Military College of Signals (MCS) Military College of Signals (MCS) General Stacks 12/12/2016 541.3,MEE MCS21154 12/08/2016 12/12/2016 Book Almirah No.77, Shelf No.4
          Military College of Signals (MCS) Military College of Signals (MCS) General Stacks 12/12/2016 541.3,MEE MCS6282 12/08/2016 12/12/2016 Book Almirah No.77, Shelf No.4
© 2023 Central Library, National University of Sciences and Technology. All Rights Reserved.